| 000 | 00882nam a22002177a 4500 | ||
|---|---|---|---|
| 999 |
_c2927 _d2927 |
||
| 003 | AR-CdUCM | ||
| 008 | 190305b ||||| |||| 00| 0 spa d | ||
| 020 | _a84-245-0391-0 | ||
| 040 |
_aMUNICIPALIDAD PROVINCIAL DEL CUSCO _cBIBLIOTECA MUNICIPAL DEL CUSCO |
||
| 082 |
_a323.4 / _bT75 |
||
| 110 |
_aPublicaciones por Amnistía Internacional _910050 |
||
| 245 |
_aTortura : _binforme de amnistía internacional / |
||
| 260 |
_aEspaña : _bFundamentos, _c1984. |
||
| 300 |
_a232 páginas ; _c23 cm. |
||
| 505 | _aContenido: Definiciones -- El ciclo de tortura -- Medidas cotra la tortura --Presión insistente -- Garantías y recursos -- Naturaleza de las pruebas -- Análisis por regiones -- Prevención de la tortura. | ||
| 650 |
_aTortura _910051 |
||
| 650 |
_aPolíticas contra la tortura _910052 |
||
| 650 |
_aTortura en el mundo _910053 |
||
| 942 |
_2ddc _cLIBROS |
||
| 945 | _azta | ||